मध्य प्रदेश सम्पूर्ण अध्ययन (Record no. 57966)
[ view plain ]
| 000 -LEADER | |
|---|---|
| fixed length control field | 00516nam a22001457a 4500 |
| 003 - CONTROL NUMBER IDENTIFIER | |
| control field | macl |
| 005 - DATE AND TIME OF LATEST TRANSACTION | |
| control field | 20180426165125.0 |
| 008 - FIXED-LENGTH DATA ELEMENTS--GENERAL INFORMATION | |
| fixed length control field | 180426b xxu||||| |||| 00| 0 eng d |
| 040 ## - CATALOGING SOURCE | |
| Transcribing agency | macl |
| 100 ## - MAIN ENTRY--PERSONAL NAME | |
| Personal name | डॉ. शादाब अहमद सिददीकी |
| 9 (RLIN) | 31587 |
| 245 ## - TITLE STATEMENT | |
| Title | मध्य प्रदेश सम्पूर्ण अध्ययन |
| 260 ## - PUBLICATION, DISTRIBUTION, ETC. (IMPRINT) | |
| Place of publication, distribution, etc. | आगरा |
| Name of publisher, distributor, etc. | उपकार प्रकाशन |
| Date of publication, distribution, etc. | 2017 |
| 650 ## - SUBJECT ADDED ENTRY--TOPICAL TERM | |
| Topical term or geographic name as entry element | सामान्य वर्ग |
| 9 (RLIN) | 36 |
| 942 ## - ADDED ENTRY ELEMENTS (KOHA) | |
| Source of classification or shelving scheme | |
| Koha item type | Hindi Books |
| Withdrawn status | Lost status | Source of classification or shelving scheme | Damaged status | Not for loan | Home library | Current library | Date acquired | Cost, normal purchase price | Total Checkouts | Full call number | Barcode | Date last seen | Price effective from | Koha item type |
|---|---|---|---|---|---|---|---|---|---|---|---|---|---|---|
| MACL | MACL | 26/04/2018 | 315.00 | 001 | DPI000986 | 26/04/2018 | 26/04/2018 | Hindi Books |









